000 00626nam a2200181Ia 4500
003 IN-BaIIA
008 211028s9999 xx 000 0 eng d
040 _cIIA Library
080 _a083:524.312
_bBON
110 _aBonner Durchmusterung Sudlicher
_95997
245 0 _aDeclinations-Zones -2 degrees to -22 degrees Sternverzeichnis
_cBonner Durchmusterung Sudlicher
260 _aBonner
_bDummlers Verlag
_c1967
500 _aGerman language
650 _aNASA Thesaurus
650 _aStar Spectra-Tables
_95998
650 _aTables-Star Spaectra
_95999
942 _cBK
999 _c3379
_d3379